| 000 | 01095nam a22003377a 4500 | ||
|---|---|---|---|
| 003 | CHAP | ||
| 005 | 20220329135240.0 | ||
| 008 | 971013s1940 r 00010 d | ||
| 010 | _a33269 | ||
| 011 | _a34241 | ||
| 035 | _a38357 | ||
| 040 | _cCHAP | ||
| 082 |
_a333 _bE59 |
||
| 100 | 0 | 0 |
_aEly, Richard T. _936458 |
| 245 | _aLand economics | ||
| 260 |
_aNew York : _bMacMillan, _c1940 |
||
| 300 |
_a512 p. _b: ilus. |
||
| 590 |
_aBATCH-UPD _b10 _c20130110 _lUCH01 _h0039 |
||
| 590 |
_aBATCH-UPD _b10 _c20130110 _lUCH01 _h1933 |
||
| 590 |
_aBATCH-UPD _b10 _c20130410 _lUCH01 _h1258 |
||
| 590 |
_aBATCH-UPD _b10 _c20130914 _lUCH01 _h1552 |
||
| 590 |
_aCONVERSION _b10 _c20130109 _lUCH01 _h1319 |
||
| 650 | 1 | 4 |
_aTierras _xEconomÃa. _9113108 |
| 700 | 0 |
_aWehrwein, George S. _9121343 |
|
| 901 | _aBK | ||
| 942 | _cLIBRO | ||
| 949 |
_a333 E59 _bBC _cLIBRO _d33724000316535 _eLIBRO _fc.2 _i38357 _si |
||
| 949 |
_a333 E59 _bBC _cLIBRO _d33724000316543 _eLIBRO _fc.3 _i38357 _si |
||
| 949 |
_a333 E59 _bBC _cLIBRO _d33724000316550 _eLIBRO _fc.4 _i38357 _si |
||
| 949 |
_a333 E59 _bBC _cLIBRO _d33724000316568 _eLIBRO _i38357 _si |
||
| 999 |
_c33269 _d33269 |
||